000 00835nam a2200241 a 4500
005 20231024063640.0
008 991125s1991 mx 000 0 spa u
035 _aUPN01000025871
049 _aI
050 4 _aLB1028.68
_bG46 1991
245 0 0 _aGenerador geométrico.
260 _aMéxico :
_bETRATEC,
_c1991.
300 _a3 v. :
_bil.
440 0 _aGalileo.
_pComputadoras en la educación
500 _a"La biblioteca tiene: Guía de experimentos y Manual de operación"
500 _aIncluye 1 disquete de 3 1/2 para los tres volúmenes
505 8 _aContenido:
_tManual de operación --
_tGuía de experimentos
650 4 _aCOMPUTADORAS -
_vMANUALES
_97641
650 4 _aGeometría
_xEstudio y enseñanza (Elemental)
_94869
650 4 _aINSTRUCCION MEDIANTE COMPUTADOR
_94980
905 _aInfantil
999 _c25871
_d25871